<?xml version="1.0" encoding="UTF-8"?>
<record
    xmlns:xsi="http://www.w3.org/2001/XMLSchema-instance"
    xsi:schemaLocation="http://www.loc.gov/MARC21/slim http://www.loc.gov/standards/marcxml/schema/MARC21slim.xsd"
    xmlns="http://www.loc.gov/MARC21/slim">

  <leader>01271nam a22002657a 4500</leader>
  <datafield tag="952" ind1=" " ind2=" ">
    <subfield code="0">0</subfield>
    <subfield code="1">0</subfield>
    <subfield code="2">lcc</subfield>
    <subfield code="4">0</subfield>
    <subfield code="7">0</subfield>
    <subfield code="a">21</subfield>
    <subfield code="b">21</subfield>
    <subfield code="d">2013-03-08</subfield>
    <subfield code="l">9</subfield>
    <subfield code="m">1</subfield>
    <subfield code="o">BF121 G34 2010 </subfield>
    <subfield code="p">21 001045</subfield>
    <subfield code="r">2019-12-11</subfield>
    <subfield code="s">2019-12-09</subfield>
    <subfield code="t">1</subfield>
    <subfield code="w">2013-03-08</subfield>
    <subfield code="y">LB</subfield>
  </datafield>
  <datafield tag="952" ind1=" " ind2=" ">
    <subfield code="0">0</subfield>
    <subfield code="1">0</subfield>
    <subfield code="2">lcc</subfield>
    <subfield code="4">0</subfield>
    <subfield code="7">0</subfield>
    <subfield code="a">21</subfield>
    <subfield code="b">21</subfield>
    <subfield code="d">2019-01-14</subfield>
    <subfield code="l">3</subfield>
    <subfield code="o">BF121 G34 2010</subfield>
    <subfield code="p">21 003964</subfield>
    <subfield code="r">2020-01-08</subfield>
    <subfield code="s">2020-01-08</subfield>
    <subfield code="t">2</subfield>
    <subfield code="w">2019-01-14</subfield>
    <subfield code="y">LB</subfield>
  </datafield>
  <datafield tag="952" ind1=" " ind2=" ">
    <subfield code="0">0</subfield>
    <subfield code="1">0</subfield>
    <subfield code="2">lcc</subfield>
    <subfield code="4">0</subfield>
    <subfield code="7">0</subfield>
    <subfield code="a">21</subfield>
    <subfield code="b">21</subfield>
    <subfield code="d">2019-01-14</subfield>
    <subfield code="l">8</subfield>
    <subfield code="o">BF121 G34 2010</subfield>
    <subfield code="p">21 003965</subfield>
    <subfield code="r">2025-10-28</subfield>
    <subfield code="s">2020-03-04</subfield>
    <subfield code="t">3</subfield>
    <subfield code="w">2019-01-14</subfield>
    <subfield code="y">LB</subfield>
  </datafield>
  <datafield tag="999" ind1=" " ind2=" ">
    <subfield code="c">89087</subfield>
    <subfield code="d">89087</subfield>
  </datafield>
  <controlfield tag="007">ta</controlfield>
  <controlfield tag="008">130308t2010    xxua   | |||| 00| 0 spa d</controlfield>
  <datafield tag="020" ind1=" " ind2=" ">
    <subfield code="a">9786074382136</subfield>
  </datafield>
  <datafield tag="050" ind1=" " ind2=" ">
    <subfield code="a">BF121</subfield>
    <subfield code="b">G34 2010</subfield>
  </datafield>
  <datafield tag="100" ind1="1" ind2="0">
    <subfield code="a">Garc&#xED;a Gonz&#xE1;lez, Eva Laura</subfield>
    <subfield code="e">autor</subfield>
  </datafield>
  <datafield tag="245" ind1="1" ind2="0">
    <subfield code="a">Psicolog&#xED;a general</subfield>
    <subfield code="c">/ Eva Laura Garc&#xED;a Gonz&#xE1;lez</subfield>
  </datafield>
  <datafield tag="250" ind1=" " ind2=" ">
    <subfield code="a">3a. edici&#xF3;n</subfield>
  </datafield>
  <datafield tag="260" ind1=" " ind2=" ">
    <subfield code="a">M&#xE9;xico </subfield>
    <subfield code="b">: Patria</subfield>
    <subfield code="c">, 2010</subfield>
  </datafield>
  <datafield tag="300" ind1=" " ind2=" ">
    <subfield code="a">232 p&#xE1;ginas </subfield>
    <subfield code="b">: ilustraciones,  tablas, gr&#xE1;ficas  </subfield>
    <subfield code="c">; 27 cm. </subfield>
  </datafield>
  <datafield tag="500" ind1=" " ind2=" ">
    <subfield code="a">Incluye glosario (pp.232)</subfield>
  </datafield>
  <datafield tag="500" ind1=" " ind2=" ">
    <subfield code="a">Reimpresiones 2011, 2018</subfield>
  </datafield>
  <datafield tag="504" ind1=" " ind2=" ">
    <subfield code="a">Bibliograf&#xED;a (pp.232)</subfield>
  </datafield>
  <datafield tag="505" ind1=" " ind2=" ">
    <subfield code="a">Introducci&#xF3;n al concepto de Psicolog&#xED;a
Bases biol&#xF3;gicas de la conducta
Percepci&#xF3;n
Aprendizaje y memoria
Pensamiento y lenguaje
Motivaci&#xF3;n y emoci&#xF3;n
Diferencias individuales.Personalidad
Conducta social
Estr&#xE9;s y c&#xF3;mo afrontarlo
Desarrollo psicol&#xF3;gico</subfield>
  </datafield>
  <datafield tag="519" ind1=" " ind2=" ">
    <subfield code="a">Educaci&#xF3;n Mixta /</subfield>
    <subfield code="b">Psicolog&#xED;a /</subfield>
    <subfield code="c">Introducci&#xF3;n a la Psicolog&#xED;a cient&#xED;fica (B02-2) /</subfield>
    <subfield code="d">(21 001045)</subfield>
  </datafield>
  <datafield tag="519" ind1=" " ind2=" ">
    <subfield code="a">Plan UNAM /</subfield>
    <subfield code="b">Colegio de Ciencias y Humanidades /</subfield>
    <subfield code="c">Psicolog&#xED;a I (1516) /</subfield>
    <subfield code="d">(21 003964, 21 003965)
</subfield>
  </datafield>
  <datafield tag="650" ind1=" " ind2="0">
    <subfield code="a">ESTR&#xC9;S (PSICOLOG&#xCD;A)</subfield>
  </datafield>
  <datafield tag="650" ind1=" " ind2="0">
    <subfield code="a">PSICOLOG&#xCD;A</subfield>
  </datafield>
  <datafield tag="942" ind1=" " ind2=" ">
    <subfield code="c">LB</subfield>
    <subfield code="2">lcc</subfield>
  </datafield>
</record>
